|
|
|
|
| LEADER |
00000naa a2200000uu 4500 |
| 001 |
vtls010941197 |
| 003 |
SK-MaSNL |
| 005 |
20260302123146.0 |
| 008 |
210905|2003 xo |||||||||||||||||slo| |
| 015 |
|
|
|a SNBRA
|
| 035 |
|
|
|a (urnnbn)urn:nbn:sk:snk:ar-a0bbw4
|
| 035 |
|
|
|a (uuid)220f8107-e4cf-418e-b29c-e5402460a8e4
|
| 035 |
|
|
|a urn:nbn:sk:snk-aau45t
|
| 040 |
|
|
|a SNKBUCL
|b slo
|c SNKBUCL
|e AACR2
|
| 041 |
0 |
|
|a slo
|
| 044 |
|
|
|a xo
|c SK
|
| 100 |
1 |
|
|a Jamrichová, Soňa
|4 aut
|9 5844
|
| 245 |
1 |
0 |
|a VÁPNIK VO VÝŽIVE A TECHNOLÓGII MLIEČNYCH VÝROBKOV
|c Soňa Jamrichová
|
| 246 |
3 |
|
|a CALCIUM IN NUTRITION AND TECHNOLOGY OF MILK PRODUCTS
|
| 773 |
0 |
|
|t Výživa a potraviny pre tretie tisícročie "Funkčné potraviny"
|d V Nitre : Slovenská poľnohospodárska univerzita, 2003
|g S. 201-204
|z 8080691746
|
| 958 |
|
|
|a OND
|
| 958 |
|
|
|a article11
|
| 958 |
|
|
|a chapter
|
| 999 |
|
|
|c 1281663
|d 1283593
|